| 000 | 00759cam a22002651 4500 | ||
|---|---|---|---|
| 001 | 6519428 | ||
| 003 | NUST - PNEC | ||
| 005 | 20170116181122.0 | ||
| 008 | 740925s1955 maua b 000 0 eng | ||
| 010 | _a 55005025 | ||
| 035 | _a(OCoLC)1021568 | ||
| 040 |
_aDLC _cLIBRARY _dOCoLC _dDLC |
||
| 042 | _apremarc | ||
| 050 | 0 | 0 |
_aQC321 _b.S37 |
| 082 | _a536.2 SCH | ||
| 100 | 1 | _aSchneider, Paul J. | |
| 245 | 1 | 0 | _aConduction heat transfer. |
| 260 |
_aCambridge, Mass., _bAddison-Wesley Pub. Co., _cc.1955 |
||
| 300 |
_axi, 395 p. _billus. _c24 cm. |
||
| 440 | 0 | _aAddison-Wesley series in mechanical engineering | |
| 504 | _aIncludes bibliographies. | ||
| 650 | 0 |
_aHeat _xME |
|
| 906 |
_a7 _bcbc _coclcrpl _du _encip _f19 _gy-gencatlg |
||
| 942 |
_2ddc _cBK |
||
| 999 |
_c69611 _d69611 |
||